000 004340000a22001810004500
003 MACL
005 20150731153517.0
008 150731b xxu||||| |||| 00| 0 eng d
040 _aMACL
_cMACL
041 _aEnglish
082 _a342
100 _aSwarup, Jagadish
_93804
245 _aConstitution of India
260 _bDandewal Publishing House
_c1985
_aAllahabad
350 _a220
650 _aLaw
_93805
942 _cBK
_k342
_2ddc
999 _c5471
_d5471